000 00787nam a22002297a 4500
003 0
005 20160609170123.0
008 101123t xxu||||| |||| 00| 0 eng d
020 _a978-2-8041-0190-9
022 _a1373-0258
040 _aBUAC
_bFr.
_cCRPU/UAC06
041 _aFr.
100 _aKim, Sun-Mi
_911451
245 _aLe plaisir d'apprendre en ligne à l'université
_bImplication et pédagogie
_c/Sous la direction de Sun-Mi Kim, Christian Verrier
260 _aBruxelles:
_bDe Boeck Université,
_c2009
300 _a222p.
_bCouv. ill. en Coul.
_c24 cm
440 _a(Collection Perspectives en éducation et formation)
_911452
504 _aComprend: bibliogr., webographie
650 _aSCIENCES SOCIALES
_911453
700 _aVerrier, Christian
_911454
942 _cLIVR
999 _c48339
_d48339